000
00262 a2200121 4500
001
142413
040
_c
Leonardo Da Vinci
041
_a
Português
082
_a
v154
245
_a
BIOLOGIA genética
697
_a
Biologia
_a
Corpo Humano
_a
Genética
942
_c
VM
999
_c
142413
_d
142413